Cholinesterase active myoneural structures of alpha and gamma efferent fibres

Elmentve itt :
Bibliográfiai részletek
Szerző: Csillik Bertalan
Testületi szerző: Histochemistry of Cholinesterase Symposium (1960) (Basel)
Dokumentumtípus: Cikk
Megjelent: 1961
Sorozat:Kolligátum
Kulcsszavak:Idegrendszer - anatómia
Online Access:http://misc.bibl.u-szeged.hu/25602
LEADER 00660nab a2200181 i 4500
001 misc25602
005 20191108150100.0
008 170901s1961 hu o 0|| zxx d
040 |a SZTE Miscellanea Repozitórium  |b hun 
041 |a zxx 
100 1 |a Csillik Bertalan 
245 1 0 |a Cholinesterase active myoneural structures of alpha and gamma efferent fibres  |h [elektronikus dokumentum] /  |c  Csillik Bertalan 
260 |c 1961 
300 |a 161-173 
490 0 |a Kolligátum 
695 |a Idegrendszer - anatómia 
710 |a Histochemistry of Cholinesterase Symposium (1960) (Basel) 
856 4 0 |u http://misc.bibl.u-szeged.hu/25602/1/017_019_161-173.pdf  |z Dokumentum-elérés